Nezávislosť audítora

Nezávislosť ako hlavná zásada audítorskej činnosti. Nezávislosť názorov a nezávislosť vystupovania audítora. Prekážka pri výkone audítorskej profesie a porušenie nezávislosti. Požiadavka nezávislosti zakotvená v zákone o audítoroch a v Etickom kódexe audítora.

Salvato in:
Dettagli Bibliografici
Autore principale: Krišková, Petra, 1981-
Natura: Capitolo di libro
Lingua:slovacco
Soggetti:
Tags: Aggiungi Tag
Nessun Tag, puoi essere il primo ad aggiungerne!!

MARC

LEADER 00000naa$a2200000$$$4500
001 0083021
005 20240613071343.6
041 0 |a slo 
044 |a CZ 
245 1 0 |a Nezávislosť audítora  |c Petra Krišková 
520 |a Nezávislosť ako hlavná zásada audítorskej činnosti. Nezávislosť názorov a nezávislosť vystupovania audítora. Prekážka pri výkone audítorskej profesie a porušenie nezávislosti. Požiadavka nezávislosti zakotvená v zákone o audítoroch a v Etickom kódexe audítora. 
610 2 0 |a audítori 
610 2 0 |a audítorstvo 
610 2 0 |a kódexy etické 
610 2 0 |a legislatíva 
610 2 0 |a honoráre 
100 1 |a Krišková, Petra, 1981-